02071nam a22002297a 450000500170000000800410001702000180005804000070007604100080008308200180009110000310010924500470014025000120018726000530019930000280025236500640028052012510034465000650159594200120166099900190167295201500169120250220093211.0250220b ||||| |||| 00| 0 eng d a9780367242114 cAL aeng 223a425bVOOE aPiet Van Der Voort9201439 aEnglish grammar for international studies  a1st ed. aHoutenbRoutledge Taylor and Francis Groupc2019 a216p.bPBc24.2x17.2cm. 2Generala6383b₹1036.00c₹d₹1295.00e20%f06-02-2025 aEnglish Grammar for International Studies is designed for students taking international programmes in higher vocational education, such as Business and Management Studies, International Marketing, International Finance, Business Administration, International Communication and Media, Finance and Banking, Hotel and Facility, and Tourism. Such programmes often have an international student body and therefore the language of instruction is English. English Grammar for International Studies caters precisely for these programmes since the instruction, examples and exercises are offered in English. Offering grammar instruction based on problem-oriented learning, the grammatical principles in the book are rehearsed in a variety of exercises and assignments using primary source texts, such as newspaper headlines, advertisements and internet texts. This book is eminently suitable for self-study, because of its step-by-step approach to English grammar, its transparent instruction, wide range of exercises and the possibility to check answers to questions on the accompanying website (www.englishgrammarforinternationalstudies.noordhoff.nl) which also provides a self-assessment test allowing students to monitor their grammar deficiencies.  2English and Old EnglishaGrammar of Standard English9201440 2ddccBK c233846d233846 00102ddc40708MAENGaSACPGbSACPGd2025-02-08eBiblios Book Pontg1036.00l0o425 VOOEpPG024819r2025-02-20 00:00:00v1295.00w2025-02-20yBK